=LDR 00000nam 2200000 4500 =001 INLIS000000000050270 =005 20170426022035 =035 ##$$a 0010-0417000085 =007 ta =008 170426###########################0###### =020 ##$$a 978 - 979 - 002 - 663 - 6 =082 ##$$a 634.9 =084 ##$$a 634.9 PUR b =100 #$$a Purwanta,Sugi =245 1#$$a Budidaya dan Bisnis Kayu Jati : $b Panduan Berinvestasi dengan Keuntungan Berlipat Ganda /$c Sugi Purwanta =250 ##$$a Cet.1 =260 ##$$a Jakarta :$b Penebar Swadaya,$c 2015 =300 ##$$a iv, 212 hlm. : $b Ilus ; $c 23 cm. =650 ##$$a Kayu Jati =990 ##$$a 74137413 =990 ##$$a 74137413 =990 ##$$a 31700185 =990 ##$$a 02201707413 =990 ##$$a 31700486 =990 ##$$a 31700185